000
00202nam a22000857a 4500
008
160823b xxu||||| |||| 00| 0 eng d
100
_9
217
_a
NCERT
245
_a
Chemistry-XII
260
_a
New Delhi
_b
NCERT
_c
2007
999
_c
2874
_d
2874